[Event "Olympiad-42"]
[Site "Baku"]
[Date "2016.09.10"]
[Round "8.1"]
[White "Adianto, Utut"]
[Black "Djukic, Nikola"]
[Result "1/2-1/2"]
[WhiteElo "2556"]
[BlackElo "2534"]
[PlyCount "97"]
[EventDate "2016.09.02"]
[EventType "team-swiss"]
[EventRounds "11"]
[EventCountry "AZE"]
[SourceTitle "CBM 175"]
[Source "ChessBase"]
[SourceDate "2016.11.10"]
[SourceVersion "1"]
[SourceVersionDate "2016.11.10"]
[SourceQuality "1"]
[WhiteTeam "Indonesia"]
[BlackTeam "Montenegro"]
[WhiteTeamCountry "INA"]
[BlackTeamCountry "MNE"]

1. Nf3 Nf6 2. c4 e6 3. d4 b6 4. g3 Ba6 5. b3 Bb4+ 6. Bd2 Be7 7. Nc3 c6 8. e4 d5 9. cxd5 Bxf1 10. Kxf1 cxd5 11. e5 Ne4 12. Kg2 0-0 13. Rc1 Qd7 14. Be3 Nc6 15. Nxe4 dxe4 16. Nd2 Nxd4 17. Nxe4 Rfd8 18. Bxd4 Qxd4 19. Qxd4 Rxd4 20. Rhe1 Rad8 21. Rc7 R4d7 22. Rec1 f5 23. exf6 gxf6 24. Rxd7 Rxd7 25. Rc2 Kf7 26. Rd2 Rxd2 27. Nxd2 Bb4 28. Nf3 Bc3 29. Ng1 Ke7 30. Ne2 Bb2 31. Kf3 f5 32. Ke3 e5 33. h3 Ba3 34. f3 Ke6 35. g4 Bc5+ 36. Kd3 Bf2 37. Nc3 a6 38. Nd1 Bd4 39. Ne3 Bxe3 40. Kxe3 Kf6 41. h4 Kg6 42. a4 a5 43. Kd3 e4+ 44. Ke3 exf3 45. Kxf3 fxg4+ 46. Kxg4 h5+ 47. Kf4 Kf6 48. Ke4 Ke6 49. Kf4 1/2-1/2

[Event "Biel MTO op 46th"]
[Site "Biel"]
[Date "2013.08.01"]
[Round "10"]
[White "Adianto, Utut"]
[Black "Gharamian, Tigran"]
[Result "1/2-1/2"]
[WhiteElo "2548"]
[BlackElo "2655"]
[PlyCount "78"]
[EventDate "2013.07.22"]
[EventType "swiss"]
[EventRounds "11"]
[EventCountry "SUI"]
[SourceTitle "CBM 155 Extra"]
[Source "ChessBase"]
[SourceDate "2013.08.26"]
[SourceVersion "1"]
[SourceVersionDate "2013.08.26"]
[SourceQuality "1"]

1. d4 Nf6 2. c4 g6 3. Nf3 Bg7 4. g3 0-0 5. Bg2 d6 6. 0-0 Nc6 7. Nc3 a6 8. h3 Rb8 9. e4 b5 10. cxb5 axb5 11. e5 Nd7 12. Ng5 dxe5 13. Bxc6 exd4 14. Ne2 Nc5 15. Bg2 h6 16. Nf3 e5 17. Bxh6 Bxh6 18. Nxe5 d3 19. Nc6 Qe8 20. Ned4 Rb6 21. Re1 Be6 22. Re5 Nd7 23. Rxe6 fxe6 24. Qxd3 Kh7 25. Re1 e5 26. Bd5 Rf6 27. f4 Rd6 28. Qf3 Bg7 29. f5 gxf5 30. Nxf5 Rxd5 31. Qxd5 Nf6 32. Qxe5 Qxc6 33. Qe7 Nh5 34. g4 Qf6 35. Qd7 Nf4 36. Nxg7 Nxh3+ 37. Kg2 Qf2+ 38. Kxh3 Qf3+ 39. Kh2 Qf2+ 1/2-1/2

[Event "Biel MTO op 46th"]
[Site "Biel"]
[Date "2013.07.29"]
[Round "7"]
[White "Adianto, Utut"]
[Black "Masruri, Rahman"]
[Result "1-0"]
[WhiteElo "2548"]
[BlackElo "2174"]
[PlyCount "53"]
[EventDate "2013.07.22"]
[EventType "swiss"]
[EventRounds "11"]
[EventCountry "SUI"]
[SourceTitle "CBM 155 Extra"]
[Source "ChessBase"]
[SourceDate "2013.08.26"]
[SourceVersion "1"]
[SourceVersionDate "2013.08.26"]
[SourceQuality "1"]

1. Nf3 Nf6 2. c4 e6 3. g3 b6 4. Bg2 Bb7 5. 0-0 Be7 6. Nc3 0-0 7. d4 d5 8. Ne5 Na6 9. Bf4 c5 10. cxd5 exd5 11. Rc1 Nc7 12. dxc5 bxc5 13. Qb3 Rb8 14. Rfd1 Bd6 15. Qc2 Qe7 16. Nd3 Ne6 17. Bxd6 Qxd6 18. Qd2 Rfd8 19. Nf4 d4 20. Bxb7 Rxb7 21. Na4 Rc7 22. b3 Re8 23. Nxe6 Rxe6 24. Rc2 h6 25. Rdc1 Ne4 26. Qd3 f5 27. b4 1-0

[Event "Biel MTO op 46th"]
[Site "Biel"]
[Date "2013.07.27"]
[Round "6"]
[White "Ganguly, Surya Shekhar"]
[Black "Adianto, Utut"]
[Result "1-0"]
[WhiteElo "2628"]
[BlackElo "2548"]
[PlyCount "169"]
[EventDate "2013.07.22"]
[EventType "swiss"]
[EventRounds "11"]
[EventCountry "SUI"]
[SourceTitle "CBM 155 Extra"]
[Source "ChessBase"]
[SourceDate "2013.08.26"]
[SourceVersion "1"]
[SourceVersionDate "2013.08.26"]
[SourceQuality "1"]

1. d4 Nf6 2. c4 e6 3. g3 c5 4. d5 exd5 5. cxd5 d6 6. Nc3 g6 7. Bg2 Bg7 8. Nf3 0-0 9. 0-0 a6 10. a4 Re8 11. Bf4 Qe7 12. Re1 Nbd7 13. h3 Nh5 14. Bg5 Qf8 15. e4 Rb8 16. Qc2 b5 17. axb5 axb5 18. Ra7 b4 19. Na4 b3 20. Qb1 Ne5 21. Nxe5 Bxe5 22. Qc1 Bg7 23. g4 Nf6 24. e5 dxe5 25. Be3 Rd8 26. Bxc5 Qe8 27. Bb6 Rd7 28. Bc7 Rb5 29. Nb6 Rxb6 30. Bxb6 Bb7 31. Bd4 Bxd5 32. Rxd7 Qxd7 33. Bxe5 Bxg2 34. Kxg2 h5 35. Qf4 hxg4 36. hxg4 Nxg4 37. Bxg7 Kxg7 38. Qf3 f6 39. Rd1 Qe6 40. Qb7+ Kh6 41. Qd5 Qc8 42. Qd2+ g5 43. Qd7 Qa8+ 44. Qd5 Qc8 45. Qd3 Qc6+ 46. Qf3 Qe6 47. Rd4 f5 48. Qd3 Qc6+ 49. f3 Ne5 50. Qxb3 Kh5 51. Qd5 Qc2+ 52. Rd2 Qc1 53. Re2 Ng6 54. Qf7 Kh6 55. Qe6 Kh5 56. Qe8 Qd1 57. Kf2 Qd4+ 58. Ke1 Qg1+ 59. Kd2 Qd4+ 60. Kc1 Qc4+ 61. Kb1 Qd3+ 62. Ka2 Qa6+ 63. Kb3 Qd3+ 64. Ka4 Qc4+ 65. Ka5 Qd5+ 66. Kb6 Qd4+ 67. Kc6 Qc4+ 68. Kd6 Kh4 69. Qe3 Qa6+ 70. Kc5 Qa5+ 71. Kc4 Qa6+ 72. Kc3 Qc6+ 73. Kb3 Kh5 74. Re1 Qd5+ 75. Kc2 Qc6+ 76. Kb1 f4 77. Qd3 Qb7 78. Re8 Qa7 79. Re1 Nh4 80. Rc1 Qe7 81. Rc3 Qa7 82. Rc5 Qe7 83. Rd5 Qa7 84. Rd7 Qg1+ 85. Ka2 1-0

[Event "Seoul op"]
[Site "Seoul"]
[Date "2008.12.03"]
[Round "5"]
[White "Adianto, Utut"]
[Black "Tan, Weiliang"]
[Result "1-0"]
[WhiteElo "2554"]
[BlackElo "2040"]
[PlyCount "39"]
[EventDate "2008.12.01"]
[EventType "swiss"]
[EventRounds "9"]
[EventCountry "KOR"]
[SourceTitle "EXT 2010"]
[Source "ChessBase"]
[SourceDate "2010.11.25"]
[SourceVersion "1"]
[SourceVersionDate "2010.11.25"]
[SourceQuality "1"]

1. c4 e5 2. Nc3 Nf6 3. g3 g6 4. Bg2 Bg7 5. Nf3 d6 6. 0-0 0-0 7. d4 exd4 8. Nxd4 Nbd7 9. b3 a5 10. Ndb5 Re8 11. Ba3 Rb8 12. Rc1 Nf8 13. Nxc7 Qxc7 14. Bxd6 Qb6 15. Bxb8 Be6 16. Bf4 N8d7 17. Be3 Qb4 18. Nb5 Qe7 19. Nd6 Rf8 20. Nxb7 1-0

[Event "Seoul op"]
[Site "Seoul"]
[Date "2008.12.03"]
[Round "6"]
[White "Qu, Yanqiao"]
[Black "Adianto, Utut"]
[Result "0-1"]
[WhiteElo "2144"]
[BlackElo "2554"]
[PlyCount "68"]
[EventDate "2008.12.01"]
[EventType "swiss"]
[EventRounds "9"]
[EventCountry "KOR"]
[SourceTitle "EXT 2010"]
[Source "ChessBase"]
[SourceDate "2010.11.25"]
[SourceVersion "1"]
[SourceVersionDate "2010.11.25"]
[SourceQuality "1"]

1. e4 g6 2. d4 Bg7 3. Nc3 d6 4. f4 Nc6 5. Bb5 a6 6. Bxc6+ bxc6 7. Nf3 Nf6 8. h3 0-0 9. 0-0 Rb8 10. Rb1 c5 11. dxc5 Nd7 12. Nd4 Bb7 13. cxd6 cxd6 14. Re1 Rc8 15. Be3 Nc5 16. Bf2 e5 17. fxe5 Bxe5 18. b4 Nd7 19. Nd5 Re8 20. Qd3 a5 21. a3 Bg7 22. Nf3 Bxd5 23. Qxd5 axb4 24. axb4 Rxc2 25. Qxd6 Qc8 26. b5 Ne5 27. Nxe5 Bxe5 28. Qd5 Qb8 29. Rf1 Rd8 30. Qb3 Rdd2 31. Qf3 Rc3 32. Qg4 Bd4 33. Rbd1 Bxf2+ 34. Rxf2 h5 0-1

[Event "Seoul op"]
[Site "Seoul"]
[Date "2008.12.02"]
[Round "4"]
[White "Filippov, Anton"]
[Black "Adianto, Utut"]
[Result "1-0"]
[WhiteElo "2543"]
[BlackElo "2554"]
[PlyCount "73"]
[EventDate "2008.12.01"]
[EventType "swiss"]
[EventRounds "9"]
[EventCountry "KOR"]
[SourceTitle "EXT 2010"]
[Source "ChessBase"]
[SourceDate "2010.11.25"]
[SourceVersion "1"]
[SourceVersionDate "2010.11.25"]
[SourceQuality "1"]

1. e4 c5 2. Nf3 e6 3. d4 cxd4 4. Nxd4 a6 5. Bd3 Nf6 6. 0-0 d6 7. Kh1 Be7 8. f4 Nbd7 9. Nc3 Nc5 10. Be3 Qc7 11. Nb3 Nxd3 12. cxd3 0-0 13. Rc1 Qd8 14. Qf3 Bd7 15. Nd4 b5 16. e5 Ne8 17. Nc6 Bxc6 18. Qxc6 Rc8 19. Qxa6 Nc7 20. Qb7 dxe5 21. Bb6 Rb8 22. Qa7 Rxb6 23. Qxb6 exf4 24. Nxb5 Nxb5 25. Qxb5 g5 26. a4 Qa8 27. Qc6 Qb8 28. Qc7 Qe8 29. a5 Bd8 30. Qc5 Be7 31. Qc6 Qd8 32. Qc7 Qe8 33. a6 Bf6 34. Qb7 Bd4 35. b4 Qa4 36. b5 Bg7 37. Rc4 1-0

[Event "WMSG Rapid Pair 1st"]
[Site "Beijing"]
[Date "2008.10.10"]
[Round "4"]
[White "Adianto, Utut"]
[Black "Leon Hoyos, Manuel"]
[Result "1-0"]
[WhiteElo "2554"]
[BlackElo "2535"]
[PlyCount "107"]
[EventDate "2008.10.09"]
[EventType "swiss (rapid)"]
[EventRounds "9"]
[EventCountry "CHN"]
[SourceTitle "CBM 126 Extra"]
[Source "ChessBase"]
[SourceDate "2008.11.05"]
[SourceVersion "1"]
[SourceVersionDate "2008.11.05"]
[SourceQuality "1"]

1. d4 Nf6 2. Nf3 e6 3. c4 c5 4. g3 cxd4 5. Nxd4 Qb6 6. Bg2 Bc5 7. e3 Nc6 8. Nb3 Be7 9. 0-0 0-0 10. Nc3 d6 11. e4 a6 12. Be3 Qc7 13. Rc1 Ne5 14. Na4 Bd7 15. Nb6 Rab8 16. h3 Bc6 17. Nd5 Qd7 18. Nxe7+ Qxe7 19. Qd4 Rfd8 20. Rfd1 b6 21. Nd2 h6 22. b4 Qb7 23. c5 Ba4 24. cxd6 Nc6 25. Qb2 Bxd1 26. Rxd1 e5 27. Nc4 Nd7 28. h4 b5 29. Na5 Nxa5 30. bxa5 Rbc8 31. Rd5 Nf6 32. Rd1 Nd7 33. Rd5 Rc6 34. Rd1 Qb8 35. a4 b4 36. Rb1 Rxd6 37. Bf1 Nf6 38. Qxb4 Qa8 39. Bb6 R8d7 40. Qc4 Rd1 41. Rxd1 Rxd1 42. f3 Qb7 43. Qe2 Rc1 44. Qb2 Qc6 45. Be3 Rd1 46. Qb3 Ra1 47. Kg2 Rxa4 48. Qb8+ Kh7 49. Qxe5 Ra2+ 50. Bf2 Qc2 51. Qd4 Rxa5 52. Bd3 Qd2 53. e5+ Kh8 54. exf6 1-0

[Event "WMSG Rapid Pair 1st"]
[Site "Beijing"]
[Date "2008.10.10"]
[Round "7"]
[White "Nyback, Tomi"]
[Black "Adianto, Utut"]
[Result "0-1"]
[WhiteElo "2634"]
[BlackElo "2554"]
[PlyCount "92"]
[EventDate "2008.10.09"]
[EventType "swiss (rapid)"]
[EventRounds "9"]
[EventCountry "CHN"]
[SourceTitle "CBM 126 Extra"]
[Source "ChessBase"]
[SourceDate "2008.11.05"]
[SourceVersion "1"]
[SourceVersionDate "2008.11.05"]
[SourceQuality "1"]

1. Nf3 Nf6 2. c4 e6 3. g3 b6 4. Bg2 Bb7 5. 0-0 c5 6. Nc3 Be7 7. Re1 0-0 8. e4 Nc6 9. d4 cxd4 10. Nxd4 Nxd4 11. Qxd4 Bc5 12. Qd1 e5 13. Be3 Bb4 14. Qb3 Qe7 15. a3 Bxc3 16. Qxc3 d6 17. Qd3 Rac8 18. Rad1 Rfd8 19. b3 h6 20. f4 Bc6 21. Bd2 Qb7 22. Bc3 b5 23. c5 dxc5 24. Qxd8+ Rxd8 25. Rxd8+ Kh7 26. Bxe5 c4 27. Bh3 Bxe4 28. b4 Qb6+ 29. Rd4 Bb7 30. Re2 h5 31. Kf1 Ng4 32. Rd6 Bc6 33. Bxg4 hxg4 34. f5 Qb7 35. f6 Bf3 36. Re3 gxf6 37. Bxf6 Bh1 38. Rd2 Qb6 39. Bd4 Qg6 40. Re5 Bc6 41. Ke1 Qb1+ 42. Kf2 f6 43. Rc5 Qh1 44. Bxf6 Qf3+ 45. Ke1 Qxf6 46. Rf2 Qc3+ 0-1

[Event "WMSG Rapid Pair 1st"]
[Site "Beijing"]
[Date "2008.10.10"]
[Round "5"]
[White "Reinderman, Dimitri"]
[Black "Adianto, Utut"]
[Result "0-1"]
[WhiteElo "2543"]
[BlackElo "2554"]
[PlyCount "100"]
[EventDate "2008.10.09"]
[EventType "swiss (rapid)"]
[EventRounds "9"]
[EventCountry "CHN"]
[SourceTitle "CBM 126 Extra"]
[Source "ChessBase"]
[SourceDate "2008.11.05"]
[SourceVersion "1"]
[SourceVersionDate "2008.11.05"]
[SourceQuality "1"]

1. c4 e5 2. Nc3 Bb4 3. Nd5 Be7 4. d4 d6 5. e4 c6 6. Nxe7 Qxe7 7. Ne2 Nf6 8. Nc3 0-0 9. Be2 Re8 10. d5 Nbd7 11. 0-0 cxd5 12. cxd5 Nc5 13. f3 a5 14. Be3 b6 15. a3 a4 16. Bxc5 bxc5 17. Nxa4 Rb8 18. Qc2 Nh5 19. Nc3 Qg5 20. Bb5 Rf8 21. a4 f5 22. a5 Nf4 23. a6 Ra8 24. exf5 Bxf5 25. Ne4 Qg6 26. Bc6 Bxe4 27. fxe4 Rxa6 28. Kh1 Rxa1 29. Rxa1 h5 30. Bd7 Qf7 31. Bb5 h4 32. Rf1 Qg6 33. Bd7 Qg5 34. Qd2 Kh7 35. Rf3 g6 36. b3 Kg7 37. Bb5 h3 38. gxh3 Qh5 39. Rg3 Nxh3 40. Be2 Qh4 41. Bf3 Ra8 42. Qb2 Ng5 43. Qb1 Rh8 44. Qg1 Nxf3 45. Rxf3 Qxe4 46. Qg2 Qb1+ 47. Rf1 Qxb3 48. Kg1 Qe3+ 49. Kh1 Rh4 50. Rg1 Qe4 0-1

[Event "WMSG Blitz Pair 1st"]
[Site "Beijing"]
[Date "2008.10.08"]
[Round "2"]
[White "Adianto, Utut"]
[Black "Reinderman, Dimitri"]
[Result "0-1"]
[WhiteElo "2554"]
[BlackElo "2543"]
[PlyCount "126"]
[EventDate "2008.10.08"]
[EventType "swiss (blitz)"]
[EventRounds "11"]
[EventCountry "CHN"]
[SourceTitle "CBM 126 Extra"]
[Source "ChessBase"]
[SourceDate "2008.11.05"]
[SourceVersion "1"]
[SourceVersionDate "2008.11.05"]
[SourceQuality "1"]

1. d4 f5 2. Nf3 Nf6 3. g3 g6 4. Bg2 Bg7 5. 0-0 0-0 6. c4 d6 7. Nc3 c6 8. d5 e5 9. dxe6 Bxe6 10. Bf4 Bxc4 11. Bxd6 Re8 12. Ne5 Be6 13. Ba3 Nbd7 14. Nxd7 Qxd7 15. Qc2 Rad8 16. Rfd1 Qf7 17. Rxd8 Rxd8 18. Rd1 Rxd1+ 19. Qxd1 Qd7 20. Qc2 Nd5 21. Nxd5 Bxd5 22. e4 fxe4 23. Bxe4 Bxe4 24. Qxe4 b6 25. Qc4+ Kh8 26. b3 c5 27. Bc1 h5 28. Be3 Kh7 29. Kg2 Bd4 30. Bf4 Qc6+ 31. f3 Kg7 32. Qe2 Qd7 33. a4 Kf7 34. Qe4 Bf6 35. h4 Qe7 36. Qc4+ Kg7 37. Kf1 Qd7 38. Ke2 Qh3 39. Qe4 Qg2+ 40. Kd1 Qf1+ 41. Kc2 Qf2+ 42. Kd3 Qf1+ 43. Qe2 Qb1+ 44. Kc4 a6 45. Qd2 b5+ 46. axb5 axb5+ 47. Kxc5 Be7+ 48. Kc6 Qxb3 49. Be5+ Kf7 50. Qf4+ Ke6 51. Kb6 Qd5 52. Bb2 b4 53. Qe3+ Kf7 54. Qf4+ Ke8 55. Qe3 Kd7 56. Qf4 Bd8+ 57. Ka6 Qc6+ 58. Ka7 Bb6+ 59. Ka6 Bc7+ 60. Ka7 Bxf4 61. gxf4 Qa4+ 62. Kb6 Qc2 63. Be5 Ke8 0-1

[Event "WMSG Blitz Pair 1st"]
[Site "Beijing"]
[Date "2008.10.08"]
[Round "3"]
[White "Balogh, Csaba"]
[Black "Adianto, Utut"]
[Result "0-1"]
[WhiteElo "2616"]
[BlackElo "2554"]
[PlyCount "106"]
[EventDate "2008.10.08"]
[EventType "swiss (blitz)"]
[EventRounds "11"]
[EventCountry "CHN"]
[SourceTitle "CBM 126 Extra"]
[Source "ChessBase"]
[SourceDate "2008.11.05"]
[SourceVersion "1"]
[SourceVersionDate "2008.11.05"]
[SourceQuality "1"]

1. e4 c6 2. d4 d5 3. e5 Bf5 4. h4 h6 5. c4 dxc4 6. Bxc4 e6 7. Nc3 Nd7 8. Nge2 Nb6 9. Bd3 Ne7 10. h5 Qd7 11. 0-0 0-0-0 12. a4 Kb8 13. Ne4 Bxe4 14. Bxe4 Nbd5 15. b4 Nxb4 16. a5 Nf5 17. Bb2 a6 18. Rb1 Nd5 19. Qb3 Nc7 20. Rfd1 Nb5 21. Qc4 Ne7 22. Nf4 Nd5 23. Nd3 Qc7 24. Ra1 Rd7 25. Rdc1 Be7 26. Rc2 Rhd8 27. Bf3 Rc8 28. Be4 Qd8 29. Bf3 Bf8 30. Rd2 Qg5 31. Rdd1 g6 32. hxg6 Qxg6 33. Bxd5 cxd5 34. Qb3 Rdc7 35. Nc5 Bxc5 36. dxc5 Rxc5 37. Bd4 Rc4 38. Bb6 h5 39. Qf3 Nc3 40. Re1 Ne4 41. Be3 h4 42. Rab1 Rc3 43. Qe2 Rg8 44. f3 h3 45. g4 h2+ 46. Kg2 Nc5 47. Rb2 Nd3 48. Reb1 Nxb2 49. Rxb2 Qd3 50. Qf2 Rgc8 51. Bd2 Rc2 52. Rxb7+ Kxb7 53. Qb6+ Ka8 0-1

[Event "WMSG Blitz Pair 1st"]
[Site "Beijing"]
[Date "2008.10.08"]
[Round "7"]
[White "Ghaem Maghami, Ehsan"]
[Black "Adianto, Utut"]
[Result "1-0"]
[WhiteElo "2599"]
[BlackElo "2554"]
[PlyCount "80"]
[EventDate "2008.10.08"]
[EventType "swiss (blitz)"]
[EventRounds "11"]
[EventCountry "CHN"]
[SourceTitle "CBM 126 Extra"]
[Source "ChessBase"]
[SourceDate "2008.11.05"]
[SourceVersion "1"]
[SourceVersionDate "2008.11.05"]
[SourceQuality "1"]

1. c4 e5 2. Nc3 Bb4 3. g3 Nf6 4. Bg2 0-0 5. d3 Bxc3+ 6. bxc3 Nc6 7. e4 d6 8. Ne2 a6 9. a4 Nd7 10. 0-0 Re8 11. f4 exf4 12. gxf4 Nc5 13. Ng3 Nd7 14. a5 Nf6 15. d4 Ng4 16. h3 Qh4 17. Qf3 Nh6 18. f5 Kh8 19. Nh5 Ng8 20. f6 Nxf6 21. Nxf6 Qxf6 22. Qxf6 gxf6 23. Rxf6 Kg7 24. Rf2 Ne7 25. Bg5 Ng8 26. Raf1 Rf8 27. c5 dxc5 28. d5 Bd7 29. c4 b5 30. Be3 f6 31. Bxc5 Rfe8 32. Bd4 bxc4 33. e5 Bb5 34. exf6+ Kf7 35. Bf3 Red8 36. Bh5+ Kf8 37. Bc5+ Rd6 38. Re1 c3 39. Re3 Rad8 40. Rxc3 Nxf6 1-0

[Event "WMSG Blitz Pair 1st"]
[Site "Beijing"]
[Date "2008.10.08"]
[Round "9"]
[White "Matamoros Franco, Carlos S"]
[Black "Adianto, Utut"]
[Result "1-0"]
[WhiteElo "2525"]
[BlackElo "2554"]
[PlyCount "81"]
[EventDate "2008.10.08"]
[EventType "swiss (blitz)"]
[EventRounds "11"]
[EventCountry "CHN"]
[SourceTitle "CBM 126 Extra"]
[Source "ChessBase"]
[SourceDate "2008.11.05"]
[SourceVersion "1"]
[SourceVersionDate "2008.11.05"]
[SourceQuality "1"]

1. c4 e5 2. g3 Nf6 3. Bg2 c6 4. d4 e4 5. Nc3 Bb4 6. Qb3 Bxc3+ 7. Qxc3 h6 8. Bf4 d5 9. Be5 0-0 10. Nh3 dxc4 11. Bxf6 Qxf6 12. Qxc4 Bxh3 13. Bxh3 Na6 14. 0-0 Nc7 15. Bg2 Rfe8 16. e3 Nd5 17. b4 Rac8 18. Rfc1 Qe6 19. Rab1 a6 20. a4 h5 21. Qb3 h4 22. Rc5 b6 23. Rc2 a5 24. bxa5 bxa5 25. Rc5 Qd6 26. Rxa5 Rb8 27. Qc2 Rxb1+ 28. Qxb1 f5 29. Rc5 Rb8 30. Qc1 Ne7 31. a5 Kh7 32. a6 Rb6 33. Bf1 Qb8 34. Re5 Rb1 35. a7 Qxa7 36. Qxb1 hxg3 37. hxg3 Ng6 38. Rxf5 Qe7 39. Rc5 Qe6 40. Bg2 Qf6 41. Bxe4 1-0

[Event "WMSG Rapid 1st"]
[Site "Beijing"]
[Date "2008.10.07"]
[Round "9"]
[White "Adianto, Utut"]
[Black "Sandipan, Chanda"]
[Result "1-0"]
[WhiteElo "2554"]
[BlackElo "2579"]
[PlyCount "85"]
[EventDate "2008.10.05"]
[EventType "swiss (rapid)"]
[EventRounds "9"]
[EventCountry "CHN"]
[SourceTitle "CBM 126 Extra"]
[Source "ChessBase"]
[SourceDate "2008.11.05"]
[SourceVersion "1"]
[SourceVersionDate "2008.11.05"]
[SourceQuality "1"]

1. d4 Nf6 2. c4 g6 3. Nf3 Bg7 4. g3 0-0 5. Bg2 c6 6. 0-0 d6 7. Nc3 Bf5 8. d5 Ne4 9. Bd2 cxd5 10. cxd5 Nxd2 11. Qxd2 Na6 12. Nd4 Bd7 13. e3 Qb6 14. Rfc1 Rac8 15. Bf1 Nc5 16. Rab1 Na4 17. Nxa4 Bxa4 18. Bh3 Rc5 19. b3 Be8 20. Ne2 f5 21. b4 Rxc1+ 22. Rxc1 Bf7 23. g4 Qb5 24. Rd1 fxg4 25. Bxg4 Qc4 26. Nf4 g5 27. Rc1 Qe4 28. f3 Qe5 29. Ne6 Bxe6 30. Bxe6+ Kh8 31. Kg2 h5 32. h3 h4 33. Qf2 Bf6 34. Rc4 b5 35. f4 Bg7 36. Rc7 Qf6 37. f5 a5 38. bxa5 Ra8 39. Qe2 Bh6 40. Qh5 Kg7 41. Kf3 Rxa5 42. Rxe7+ Qxe7 43. Qg6+ 1-0

[Event "WMSG Rapid 1st"]
[Site "Beijing"]
[Date "2008.10.06"]
[Round "6"]
[White "Azmaiparashvili, Zurab"]
[Black "Adianto, Utut"]
[Result "0-1"]
[WhiteElo "2626"]
[BlackElo "2554"]
[PlyCount "151"]
[EventDate "2008.10.05"]
[EventType "swiss (rapid)"]
[EventRounds "9"]
[EventCountry "CHN"]
[SourceTitle "CBM 126 Extra"]
[Source "ChessBase"]
[SourceDate "2008.11.05"]
[SourceVersion "1"]
[SourceVersionDate "2008.11.05"]
[SourceQuality "1"]

1. d4 Nf6 2. c4 e6 3. Nf3 b6 4. g3 Ba6 5. Qc2 c5 6. d5 exd5 7. cxd5 d6 8. Nc3 g6 9. Bh3 Bg7 10. Qa4+ b5 11. Nxb5 0-0 12. Nc3 Re8 13. Be3 Nfd7 14. Qc2 Nb6 15. Rd1 N8d7 16. 0-0 Bxc3 17. bxc3 Nf6 18. Rfe1 Rxe3 19. fxe3 Qe7 20. e4 Nxe4 21. Nd2 Ng5 22. Bg2 Qe3+ 23. Kh1 Bxe2 24. Nf1 Bxd1 25. Qxd1 Qxc3 26. h4 h6 27. hxg5 hxg5 28. Qd2 Qf6 29. Nh2 Nc4 30. Qc1 Ne5 31. Rf1 Qe7 32. Qe3 Re8 33. Nf3 f6 34. Nxe5 Qh7+ 35. Kg1 Rxe5 36. Qf2 f5 37. g4 Qe7 38. Bf3 Kg7 39. Qb2 Qf6 40. Kg2 Re3 41. Rb1 Qxb2+ 42. Rxb2 Kf6 43. Kf2 Re7 44. Rb3 Ke5 45. Re3+ Kf6 46. Ra3 Ke5 47. Re3+ Kf6 48. Rb3 Ke5 49. Ke3 c4 50. Rb4 f4+ 51. Kd2 Kd4 52. Be2 Rc7 53. a4 a5 54. Rb5 Rc5 55. Rb6 Rxd5 56. Bf3 c3+ 57. Kc2 Rc5 58. Rxd6+ Ke3 59. Rd3+ Kf2 60. Bd5 Ke2 61. Bf3+ Kf2 62. Be4 Ke2 63. Rh3 Kf2 64. Rh6 Ke3 65. Bxg6 f3 66. Bd3 Rd5 67. Re6+ Kf4 68. Rf6+ Kxg4 69. Be4 Rd4 70. Bxf3+ Kg3 71. Bc6 Rc4 72. Rf3+ Kh4 73. Rxc3 Rf4 74. Bd7 g4 75. Rc4 Rxc4+ 76. Kb3 0-1

[Event "WMSG Blitz 1st"]
[Site "Beijing"]
[Date "2008.10.04"]
[Round "7"]
[White "Adianto, Utut"]
[Black "Bu, Xiangzhi"]
[Result "0-1"]
[WhiteElo "2554"]
[BlackElo "2714"]
[PlyCount "100"]
[EventDate "2008.10.04"]
[EventType "swiss (blitz)"]
[EventRounds "11"]
[EventCountry "CHN"]
[SourceTitle "CBM 126 Extra"]
[Source "ChessBase"]
[SourceDate "2008.11.05"]
[SourceVersion "1"]
[SourceVersionDate "2008.11.05"]
[SourceQuality "1"]

1. c4 Nf6 2. Nc3 e5 3. g3 d5 4. cxd5 Nxd5 5. Bg2 Nb6 6. Nf3 Nc6 7. 0-0 Be7 8. d3 0-0 9. Be3 Bg4 10. Rc1 Re8 11. Na4 Nd5 12. Bd2 Rb8 13. Re1 Bf8 14. Nc5 Nd4 15. Nxd4 exd4 16. Qb3 c6 17. Ne4 Qb6 18. Qc2 h6 19. h3 Bh5 20. g4 Bg6 21. Ng3 Rbd8 22. Qa4 Bb4 23. Bxb4 Qxb4 24. Qxa7 Ra8 25. Qc5 Qxc5 26. Rxc5 Nf4 27. Rcc1 Rxa2 28. Rb1 Re5 29. Bf1 Rb5 30. b4 Ra4 31. Rbd1 Rbxb4 32. e3 Ne6 33. Nf5 dxe3 34. fxe3 Rb2 35. Ne7+ Kf8 36. Nxg6+ fxg6 37. Rb1 Raa2 38. Rxb2 Rxb2 39. Ra1 Ke7 40. h4 Nc7 41. d4 Nd5 42. Ra3 Nf6 43. Bh3 Rb1+ 44. Kf2 Ne4+ 45. Kf3 Nd6 46. g5 hxg5 47. hxg5 Rb5 48. e4 Rxg5 49. e5 Nb5 50. Ra7 Nxa7 0-1

[Event "WMSG Blitz 1st"]
[Site "Beijing"]
[Date "2008.10.04"]
[Round "1"]
[White "Adianto, Utut"]
[Black "Socko, Bartosz"]
[Result "1-0"]
[WhiteElo "2554"]
[BlackElo "2631"]
[PlyCount "65"]
[EventDate "2008.10.04"]
[EventType "swiss (blitz)"]
[EventRounds "11"]
[EventCountry "CHN"]
[SourceTitle "CBM 126 Extra"]
[Source "ChessBase"]
[SourceDate "2008.11.05"]
[SourceVersion "1"]
[SourceVersionDate "2008.11.05"]
[SourceQuality "1"]

1. d4 Nf6 2. Nf3 e6 3. c4 Bb4+ 4. Nbd2 b6 5. a3 Bxd2+ 6. Bxd2 Bb7 7. Bf4 d6 8. e3 Nbd7 9. h3 Qe7 10. Be2 e5 11. Bh2 0-0 12. 0-0 Rfe8 13. b4 c5 14. bxc5 bxc5 15. Rb1 Rab8 16. dxc5 dxc5 17. Qa4 a6 18. Rfd1 Red8 19. Qa5 Ne4 20. Nxe5 Nxe5 21. Bxe5 Rxd1+ 22. Rxd1 Re8 23. Bf4 g5 24. Bh2 Qf6 25. Bf3 Nc3 26. Rd6 Qf5 27. Qxc3 Qxh3 28. gxh3 Bxf3 29. Qf6 Bh5 30. Rd5 h6 31. Be5 Kf8 32. Rd7 Bg6 33. Qh8# 1-0

[Event "WMSG Blitz 1st"]
[Site "Beijing"]
[Date "2008.10.04"]
[Round "3"]
[White "Zhou, Jianchao"]
[Black "Adianto, Utut"]
[Result "0-1"]
[WhiteElo "2612"]
[BlackElo "2554"]
[PlyCount "60"]
[EventDate "2008.10.04"]
[EventType "swiss (blitz)"]
[EventRounds "11"]
[EventCountry "CHN"]
[SourceTitle "CBM 126 Extra"]
[Source "ChessBase"]
[SourceDate "2008.11.05"]
[SourceVersion "1"]
[SourceVersionDate "2008.11.05"]
[SourceQuality "1"]

1. d4 Nf6 2. c4 e6 3. Nc3 Bb4 4. Qc2 0-0 5. e4 d5 6. e5 Ne4 7. Bd3 c5 8. Nge2 Nc6 9. cxd5 exd5 10. 0-0 cxd4 11. Nxd5 Qxd5 12. Bxe4 Qxe5 13. Bxh7+ Kh8 14. Bf4 Qh5 15. Be4 Be6 16. Bxc6 bxc6 17. Nxd4 Bd5 18. Bg3 f5 19. Ne2 Be4 20. Qc4 Ba5 21. Nf4 Qh6 22. f3 Bb6+ 23. Kh1 Bd5 24. Nxd5 cxd5 25. Qxd5 Rad8 26. Qc4 Rd2 27. b3 f4 28. Be1 Rd6 29. h3 Rg6 30. Bf2 Qg5 0-1

[Event "Asian Indoor Games 2nd"]
[Site "Macau"]
[Date "2007.10.29"]
[Round "4"]
[White "Al Modiahki, Mohamad"]
[Black "Adianto, Utut"]
[Result "1/2-1/2"]
[WhiteElo "2572"]
[BlackElo "2572"]
[PlyCount "45"]
[EventDate "2007.10.28"]
[EventType "team"]
[EventRounds "6"]
[EventCountry "CHN"]
[SourceTitle "EXT 2008"]
[Source "ChessBase"]
[SourceDate "2007.11.25"]
[SourceVersion "1"]
[SourceVersionDate "2007.11.25"]
[SourceQuality "1"]

1. e4 c6 2. d4 d5 3. e5 Bf5 4. Nf3 e6 5. Be2 Nd7 6. 0-0 a6 7. Nbd2 Ne7 8. Nb3 Qc7 9. Bd2 g5 10. Rc1 Nb6 11. Na5 Rd8 12. c3 Bg7 13. Qb3 0-0 14. c4 dxc4 15. Nxc4 Nxc4 16. Qxc4 Nd5 17. Rfe1 Rd7 18. Rcd1 Rfd8 19. Qc1 Bg6 20. h3 Ne7 21. Bc3 Nd5 22. Bd2 Ne7 23. Bc3 1/2-1/2